[Event "GER-chT U20 Girls"]
[Site "Braunschweig"]
[Date "2019.12.27"]
[Round "2.4"]
[White "Visvikis, Kassandra"]
[Black "Meijerink, Inken"]
[Result "1-0"]
[WhiteElo "1568"]
[BlackElo "1743"]
[PlyCount "79"]
[EventDate "2019.12.27"]
[EventType "team-swiss"]
[EventRounds "7"]
[EventCountry "GER"]
[SourceTitle "CBM 194 Extra"]
[Source "ChessBase"]
[SourceDate "2020.03.31"]
[SourceVersion "1"]
[SourceVersionDate "2020.03.31"]
[SourceQuality "1"]
[WhiteTeam "Baden-Baden"]
[BlackTeam "Nordhorn Blanke"]
[WhiteTeamCountry "GER"]
[BlackTeamCountry "GER"]

1. e4 c5 2. Nf3 Nc6 3. d4 cxd4 4. Nxd4 Nf6 5. Nc3 e5 6. Nb3 a6 7. f3 d5 8. exd5 Nxd5 9. Bd2 Nxc3 10. bxc3 Bd6 11. Bd3 Be6 12. 0-0 0-0 13. Kh1 f5 14. Qe2 Qc7 15. Bc4 Bxc4 16. Qxc4+ Kh8 17. Nc5 Bxc5 18. Qxc5 b6 19. Qc4 Qd7 20. Rad1 Rf6 21. Bg5 Rd6 22. Qe2 h6 23. Bh4 Rc8 24. Rxd6 Qxd6 25. Rd1 Qe6 26. Qxa6 Re8 27. Qb7 e4 28. fxe4 Qxe4 29. Qd7 Re5 30. Rg1 Rc5 31. Bf2 Rxc3 32. Re1 Qxc2 33. Bg1 f4 34. Qf7 Kh7 35. Re8 Qd3 36. Qg8+ Kg6 37. Re6+ Kf5 38. Qf7+ Kg5 39. Qxg7+ Kf5 40. Qg6# 1-0

[Event "Niedersachsen-ch op B"]
[Site "Verden"]
[Date "2018.01.05"]
[Round "4"]
[White "Meijerink, Inken"]
[Black "Roncea, Andrea Alexandra"]
[Result "1-0"]
[WhiteElo "1615"]
[BlackElo "1417"]
[PlyCount "93"]
[EventDate "2018.01.04"]
[EventType "swiss"]
[EventRounds "7"]
[EventCountry "GER"]
[SourceTitle "EXT 2022"]
[Source "ChessBase"]
[SourceDate "2021.10.06"]
[SourceVersion "1"]
[SourceVersionDate "2021.10.06"]
[SourceQuality "1"]

1. e4 e5 2. Nf3 Nc6 3. Bc4 Bc5 4. 0-0 d6 5. c3 Nf6 6. d4 exd4 7. cxd4 Bb6 8. Qd3 0-0 9. Bg5 h6 10. Bh4 Bg4 11. Nbd2 Bxf3 12. Nxf3 Na5 13. Bb3 Nxb3 14. axb3 Re8 15. Rfe1 g5 16. Bg3 Nh5 17. Rad1 Nxg3 18. hxg3 d5 19. e5 Ba5 20. Re2 Qd7 21. Nh2 Kg7 22. f4 f6 23. exf6+ Kxf6 24. fxg5+ hxg5 25. Qf3+ Kg7 26. Re5 Rxe5 27. dxe5 Bb6+ 28. Kh1 Rf8 29. Rxd5 Rxf3 30. Rxd7+ Rf7 31. Rxf7+ Kxf7 32. Nf3 Ke6 33. Nxg5+ Kxe5 34. Nf3+ Kf5 35. Kh2 a5 36. Kh3 Be3 37. g4+ Kg6 38. Ne5+ Kg7 39. Nc4 Bb6 40. Nxb6 cxb6 41. Kg3 Kg6 42. Kf4 b5 43. Ke5 b4 44. Kd5 b5 45. Kc5 a4 46. bxa4 bxa4 47. Kxb4 1-0

[Event "GER-chT U14 Girls"]
[Site "Neumuenster"]
[Date "2017.12.29"]
[Round "6.1"]
[White "Meijerink, Inken"]
[Black "Doll, Rebecca"]
[Result "1-0"]
[WhiteElo "1615"]
[BlackElo "1515"]
[PlyCount "101"]
[EventDate "2017.12.26"]
[EventType "team-swiss"]
[EventRounds "7"]
[EventCountry "GER"]
[SourceTitle "CBM 182 Extra"]
[Source "ChessBase"]
[SourceDate "2018.02.23"]
[SourceVersion "1"]
[SourceVersionDate "2018.02.23"]
[SourceQuality "1"]
[WhiteTeam "Nordhorn Blanke"]
[BlackTeam "Karlsruhe SF"]
[WhiteTeamCountry "GER"]
[BlackTeamCountry "GER"]

1. e4 e5 2. Nf3 Nc6 3. Bc4 Bc5 4. 0-0 d6 5. d4 Bb6 6. dxe5 Bg4 7. h3 Bxf3 8. Qxf3 Nxe5 9. Qc3 Nf6 10. Nd2 0-0 11. Be2 Re8 12. Kh1 Nc6 13. Bd3 d5 14. exd5 Nxd5 15. Qb3 a5 16. Bc4 a4 17. Qg3 Re6 18. Qf3 Rd6 19. Ne4 Ne5 20. Qe2 Nxc4 21. Qxc4 Rc6 22. Qe2 Re6 23. Qg4 Qe7 24. Ng3 Rg6 25. Qf3 Rd8 26. Bd2 Rf6 27. Bg5 Rxf3 28. Bxe7 Rxg3 29. Bxd8 Rg6 30. Rad1 Nf4 31. Bg5 Ne6 32. Be3 Bxe3 33. fxe3 h6 34. Rd7 Rf6 35. Rxf6 gxf6 36. Rd5 b6 37. Kh2 Kf8 38. Kg3 Ke7 39. Rh5 Ng7 40. Rb5 Ne6 41. Rb4 a3 42. b3 Nc5 43. Rc4 Kd6 44. b4 Na4 45. Rd4+ Ke5 46. Rd3 Nb2 47. Rxa3 Nc4 48. Rc3 b5 49. a4 c6 50. a5 Kd6 51. Kf4 1-0

[Event "GER-chT U14 Girls"]
[Site "Neumuenster"]
[Date "2017.12.28"]
[Round "4.1"]
[White "Meijerink, Inken"]
[Black "Wagner, Victoria"]
[Result "1/2-1/2"]
[WhiteElo "1615"]
[BlackElo "1674"]
[PlyCount "43"]
[EventDate "2017.12.26"]
[EventType "team-swiss"]
[EventRounds "7"]
[EventCountry "GER"]
[SourceTitle "CBM 182 Extra"]
[Source "ChessBase"]
[SourceDate "2018.02.23"]
[SourceVersion "1"]
[SourceVersionDate "2018.02.23"]
[SourceQuality "1"]
[WhiteTeam "Nordhorn Blanke"]
[BlackTeam "Erfurt SK"]
[WhiteTeamCountry "GER"]
[BlackTeamCountry "GER"]

1. e4 c5 2. Nf3 d6 3. d4 cxd4 4. Nxd4 Nf6 5. Nc3 a6 6. Be2 e5 7. Nb3 Be6 8. Bg5 Be7 9. 0-0 0-0 10. f4 exf4 11. Bxf4 Nc6 12. Kh1 Rc8 13. Nd4 Nxd4 14. Qxd4 Ng4 15. h3 Ne5 16. Rad1 Nc6 17. Qd2 Ne5 18. Qd4 Nc6 19. Qf2 Qc7 20. Qg3 Ne5 21. Bh6 Ng6 22. Bc1 1/2-1/2

[Event "GER-chT U14 Girls"]
[Site "Neumuenster"]
[Date "2017.12.27"]
[Round "1.1"]
[White "Bardorz, Jana"]
[Black "Meijerink, Inken"]
[Result "1-0"]
[WhiteElo "1592"]
[BlackElo "1615"]
[PlyCount "59"]
[EventDate "2017.12.26"]
[EventType "team-swiss"]
[EventRounds "7"]
[EventCountry "GER"]
[SourceTitle "CBM 182 Extra"]
[Source "ChessBase"]
[SourceDate "2018.02.23"]
[SourceVersion "1"]
[SourceVersionDate "2018.02.23"]
[SourceQuality "1"]
[WhiteTeam "Neumarkt"]
[BlackTeam "Nordhorn Blanke"]
[WhiteTeamCountry "GER"]
[BlackTeamCountry "GER"]

1. e4 c5 2. Nf3 Nc6 3. d4 cxd4 4. Nxd4 Nf6 5. Nc3 e5 6. Ndb5 d6 7. Bd3 a6 8. Na3 b5 9. Ne2 Be6 10. 0-0 Be7 11. c4 b4 12. Nc2 0-0 13. Ne3 Nd7 14. Nd5 Bxd5 15. cxd5 Ncb8 16. Be3 Nb6 17. Rc1 N8d7 18. f4 a5 19. Ng3 exf4 20. Bxf4 Nc5 21. Nf5 Nxd3 22. Qxd3 Nd7 23. Qg3 Bf6 24. Bxd6 Qb6+ 25. Kh1 Rfe8 26. Nh6+ Kh8 27. Nxf7+ Kg8 28. e5 Kxf7 29. exf6 Nxf6 30. Rc7+ 1-0

[Event "GER-chT U14 Girls"]
[Site "Neumuenster"]
[Date "2017.12.27"]
[Round "2.1"]
[White "Meijerink, Inken"]
[Black "Schwegler, Jelena"]
[Result "1-0"]
[WhiteElo "1615"]
[BlackElo "1523"]
[PlyCount "103"]
[EventDate "2017.12.26"]
[EventType "team-swiss"]
[EventRounds "7"]
[EventCountry "GER"]
[SourceTitle "CBM 182 Extra"]
[Source "ChessBase"]
[SourceDate "2018.02.23"]
[SourceVersion "1"]
[SourceVersionDate "2018.02.23"]
[SourceQuality "1"]
[WhiteTeam "Nordhorn Blanke"]
[BlackTeam "Bad Homburg"]
[WhiteTeamCountry "GER"]
[BlackTeamCountry "GER"]

1. e4 e5 2. Nf3 Nc6 3. Bc4 Bc5 4. 0-0 Nf6 5. d4 Nxd4 6. Nxe5 0-0 7. Be3 d5 8. exd5 b5 9. Bxd4 Bxd4 10. Qxd4 bxc4 11. Nc6 Qd6 12. h3 Bb7 13. Qxc4 Nxd5 14. Qxd5 Qxd5 15. Ne7+ Kh8 16. Nxd5 Bxd5 17. Nc3 Be6 18. Rfd1 Rab8 19. b3 Bf5 20. Rd2 Rfe8 21. g4 Be6 22. Re1 Red8 23. Red1 Rxd2 24. Rxd2 g6 25. Rd4 Rb6 26. Ne4 Rc6 27. c4 Ra6 28. Rd2 Rc6 29. Ng5 Kg7 30. Nxe6+ Rxe6 31. Rd5 Ra6 32. Rd2 Kf6 33. f4 Re6 34. Kf2 Ke7 35. Re2 Kd6 36. Rxe6+ fxe6 37. Ke3 Kc5 38. a3 a5 39. Ke4 Kd6 40. b4 axb4 41. axb4 h6 42. h4 Ke7 43. Ke5 Kf7 44. b5 Ke7 45. c5 Kf7 46. b6 cxb6 47. cxb6 Ke7 48. b7 Kf7 49. b8Q Ke7 50. Qc7+ Ke8 51. Kxe6 Kf8 52. Qf7# 1-0

[Event "GER-ch U25-A"]
[Site "Willingen"]
[Date "2017.06.08"]
[Round "7"]
[White "Meijerink, Inken"]
[Black "Werner, Tom"]
[Result "1-0"]
[WhiteElo "1597"]
[BlackElo "1534"]
[PlyCount "39"]
[EventDate "2017.06.04"]
[EventType "swiss"]
[EventRounds "9"]
[EventCountry "GER"]
[SourceTitle "CBM 178 Extra"]
[Source "ChessBase"]
[SourceDate "2017.06.22"]
[SourceVersion "1"]
[SourceVersionDate "2017.06.22"]
[SourceQuality "1"]

1. e4 e6 2. d4 d5 3. e5 c5 4. c3 Nc6 5. Nf3 Qb6 6. Bd3 cxd4 7. cxd4 Bd7 8. Bc2 Be7 9. 0-0 f6 10. Nc3 fxe5 11. dxe5 Nb4 12. Bb1 Bc5 13. a3 Nc6 14. Na4 Qb5 15. Bd3 Qa5 16. Bd2 Nb4 17. Nxc5 Qxc5 18. Bxb4 Qb6 19. Ng5 g6 20. Qf3 1-0

[Event "GER-ch U25-A"]
[Site "Willingen"]
[Date "2017.06.06"]
[Round "4"]
[White "Joeres, Stefan"]
[Black "Meijerink, Inken"]
[Result "1-0"]
[WhiteElo "1991"]
[BlackElo "1597"]
[PlyCount "80"]
[EventDate "2017.06.04"]
[EventType "swiss"]
[EventRounds "9"]
[EventCountry "GER"]
[SourceTitle "CBM 178 Extra"]
[Source "ChessBase"]
[SourceDate "2017.06.22"]
[SourceVersion "1"]
[SourceVersionDate "2017.06.22"]
[SourceQuality "1"]

1. e4 c5 2. Nf3 Nc6 3. d4 cxd4 4. Nxd4 e5 5. Nb5 a6 6. Nd6+ Bxd6 7. Qxd6 Qe7 8. Qxe7+ Ngxe7 9. Be3 d5 10. f3 dxe4 11. fxe4 Nb4 12. Na3 Be6 13. c3 Nbc6 14. Be2 0-0 15. 0-0 Rad8 16. b3 f5 17. exf5 Rxf5 18. Rfd1 Rff8 19. Bc5 Rfe8 20. Nc4 Rxd1+ 21. Rxd1 Nd5 22. Nd6 Rb8 23. Bc4 Nce7 24. Nxb7 Rxb7 25. Bxe7 Rxe7 26. Bxd5 Bxd5 27. Rxd5 Re6 28. Kf2 Kf7 29. Rd7+ Kf6 30. Ke3 h6 31. Ke4 g6 32. Rd5 g5 33. g4 Kg6 34. c4 h5 35. gxh5+ Kxh5 36. Rxe5 Rxe5+ 37. Kxe5 Kg4 38. c5 Kh3 39. Kf5 g4 40. c6 a5 1-0

[Event "GER-ch U25-A"]
[Site "Willingen"]
[Date "2017.06.05"]
[Round "3"]
[White "Meijerink, Inken"]
[Black "Niemann, Leon Pascal"]
[Result "1-0"]
[WhiteElo "1597"]
[BlackElo "1709"]
[PlyCount "120"]
[EventDate "2017.06.04"]
[EventType "swiss"]
[EventRounds "9"]
[EventCountry "GER"]
[SourceTitle "CBM 178 Extra"]
[Source "ChessBase"]
[SourceDate "2017.06.22"]
[SourceVersion "1"]
[SourceVersionDate "2017.06.22"]
[SourceQuality "1"]

1. e4 c5 2. b4 d6 3. bxc5 dxc5 4. Nf3 Nc6 5. Nc3 g6 6. Bb2 Bg7 7. Rb1 Nf6 8. Bc4 0-0 9. 0-0 Bg4 10. Be2 Bxf3 11. Bxf3 Nd4 12. e5 Nxf3+ 13. Qxf3 Ne8 14. Qxb7 Bxe5 15. Rfe1 Bg7 16. Rxe7 Rb8 17. Qd7 Qa5 18. Qxa7 Qb4 19. Qa3 Nd6 20. Qxb4 Rxb4 21. Ree1 Nc4 22. Ba1 Nxd2 23. Rxb4 cxb4 24. Nd5 Ra8 25. Bxg7 Kxg7 26. Nxb4 Ra4 27. c3 Nc4 28. g3 Ra3 29. Rc1 Ra4 30. f3 Nd6 31. Kf2 Kf6 32. Ke3 Ke5 33. Kd3 g5 34. Kc2 Nb7 35. Kb3 Nc5+ 36. Kc4 Nd7 37. Rd1 Nf6 38. Kb3 Ra8 39. a4 Ke6 40. c4 Nd7 41. Rd5 h6 42. a5 Ke7 43. a6 Nb8 44. Ra5 Kd7 45. a7 Nc6 46. Nxc6 Kxc6 47. c5 Kb7 48. Kc4 Kc6 49. Ra6+ Kb7 50. Kb5 Kc7 51. c6 f5 52. Kc5 h5 53. Kd5 f4 54. gxf4 gxf4 55. Ke4 h4 56. Kxf4 h3 57. Kg3 Rg8+ 58. Kxh3 Rh8+ 59. Kg3 Rg8+ 60. Kf2 Ra8 1-0

[Event "Hannover Ihme Cup"]
[Site "Hannover"]
[Date "2017.04.29"]
[Round "3.27"]
[White "Piotrowski, Jan"]
[Black "Meijerink, Inken"]
[Result "0-1"]
[WhiteElo "1475"]
[BlackElo "1569"]
[PlyCount "80"]
[EventDate "2017.04.28"]
[EventType "swiss"]
[EventRounds "5"]
[EventCountry "GER"]
[SourceTitle "EXT 2022"]
[Source "ChessBase"]
[SourceDate "2021.10.06"]
[SourceVersion "1"]
[SourceVersionDate "2021.10.06"]
[SourceQuality "1"]

1. e4 c5 2. Nf3 Nc6 3. Nc3 g6 4. Bc4 Bg7 5. d3 e6 6. Be3 b6 7. Rb1 Nge7 8. 0-0 0-0 9. Qd2 d5 10. exd5 exd5 11. Nxd5 Nxd5 12. Bg5 Nf6 13. Bh6 Bb7 14. Bxg7 Kxg7 15. Rfe1 Qd6 16. c3 Na5 17. Bb5 Bxf3 18. gxf3 a6 19. Ba4 b5 20. Bc2 Qd5 21. Qf4 Nc6 22. b3 Nh5 23. Qe4 Qg5+ 24. Qg4 Qxg4+ 25. fxg4 Nf4 26. Kf1 Rfe8 27. Re4 Rxe4 28. dxe4 Ne5 29. Bd1 Rd8 30. g5 Rd2 31. h4 Rxa2 32. f3 Rh2 33. Ra1 Rxh4 34. Kf2 Rh1 35. Kg3 Ned3 36. e5 Rg1+ 37. Kh4 Nxe5 38. Rxa6 Rxd1 39. Rf6 Rh1+ 40. Kg3 Nh5+ 0-1

[Event "GER-chT U14 Girls"]
[Site "Duesseldorf"]
[Date "2016.12.30"]
[Round "7.2"]
[White "Reuter, Elisa"]
[Black "Meijerink, Inken"]
[Result "1/2-1/2"]
[WhiteElo "1547"]
[BlackElo "1308"]
[PlyCount "107"]
[EventDate "2016.12.27"]
[EventType "team-swiss"]
[EventRounds "7"]
[EventCountry "GER"]
[SourceTitle "EXT 2018"]
[Source "ChessBase"]
[SourceDate "2017.10.13"]
[SourceVersion "1"]
[SourceVersionDate "2017.10.13"]
[SourceQuality "1"]
[WhiteTeam "Erfurt Empor"]
[BlackTeam "Nordhorn Blanke U14 Girls"]
[WhiteTeamCountry "GER"]
[BlackTeamCountry "GER"]

1. e4 c5 2. Nf3 Nc6 3. Bb5 g6 4. Bxc6 bxc6 5. 0-0 Bg7 6. d3 d6 7. Nc3 Nf6 8. h3 0-0 9. Be3 Bd7 10. Re1 Rb8 11. Rb1 e5 12. Rf1 Ne8 13. Ne1 f5 14. f4 Qb6 15. Qd2 Qb4 16. a3 Qa5 17. Nf3 exf4 18. Bxf4 Rxb2 19. Rxb2 Bxc3 20. Qc1 Bxb2 21. Qxb2 Qb6 22. Qa2+ c4+ 23. Kh1 fxe4 24. Nd2 exd3 25. cxd3 Qd4 26. Qxc4+ Qxc4 27. dxc4 Be6 28. Re1 Rxf4 29. Rxe6 Kf7 30. Re3 Rd4 31. Re2 Rd3 32. Ne4 h6 33. Ra2 d5 34. cxd5 cxd5 35. Nc5 Rd1+ 36. Kh2 Rc1 37. Nd3 Rc3 38. Ne5+ Kf6 39. Nd7+ Kf5 40. Re2 Rc7 41. Re5+ Kf4 42. Rxd5 Ke4 43. Re5+ Kf4 44. Rxe8 Rxd7 45. Re6 Kf5 46. Ra6 Rc7 47. Ra5+ Kf4 48. Ra4+ Kf5 49. Kg3 g5 50. Ra5+ Kg6 51. Ra6+ Kf5 52. Ra5+ Kg6 53. Ra6+ Kf5 54. Ra5+ 1/2-1/2

[Event "GER-chT U14 Girls"]
[Site "Duesseldorf"]
[Date "2016.12.29"]
[Round "5.2"]
[White "Naumenko, Valerija"]
[Black "Meijerink, Inken"]
[Result "1-0"]
[WhiteElo "1317"]
[BlackElo "1308"]
[PlyCount "113"]
[EventDate "2016.12.27"]
[EventType "team-swiss"]
[EventRounds "7"]
[EventCountry "GER"]
[SourceTitle "EXT 2018"]
[Source "ChessBase"]
[SourceDate "2017.10.13"]
[SourceVersion "1"]
[SourceVersionDate "2017.10.13"]
[SourceQuality "1"]
[WhiteTeam "Hemer"]
[BlackTeam "Nordhorn Blanke U14 Girls"]
[WhiteTeamCountry "GER"]
[BlackTeamCountry "GER"]

1. e4 c5 2. Nf3 Nc6 3. d4 cxd4 4. Nxd4 g6 5. c4 Bg7 6. Nc2 Nf6 7. Nc3 0-0 8. Be2 Ne8 9. Be3 Nc7 10. Qd2 d6 11. Rb1 b6 12. f3 Bb7 13. 0-0 f5 14. exf5 Rxf5 15. Bd3 Rf8 16. b4 Ne5 17. Be2 d5 18. cxd5 Bxd5 19. Nxd5 Nxd5 20. Bd4 Nf4 21. Rfd1 Nxe2+ 22. Qxe2 Qc7 23. Rbc1 Nf7 24. Bxg7 Kxg7 25. Nd4 Qe5 26. Qxe5+ Nxe5 27. Ne6+ Kf7 28. Nxf8 Kxf8 29. Rc7 Ke8 30. f4 Rd8 31. Rxd8+ Kxd8 32. Rxa7 Nd3 33. a3 Nxf4 34. Kf2 Nd5 35. Ra8+ Kc7 36. Rh8 Nf6 37. Kf3 e5 38. g4 e4+ 39. Kf4 e3 40. Kxe3 Nxg4+ 41. Kf4 h5 42. Kg5 Nxh2 43. Kxg6 Nf3 44. Rxh5 Nd4 45. a4 b5 46. a5 Kb7 47. Kf7 Nc6 48. Rxb5+ Ka7 49. Ke8 Nd4 50. Rd5 Nc6 51. Rb5 Nb8 52. Kd8 Na6 53. Kc8 Ka8 54. Rb6 Ka7 55. Rxa6+ Kxa6 56. Kc7 Kb5 57. Kb7 1-0

[Event "GER-chT Lands U20"]
[Site "Hannover"]
[Date "2016.10.03"]
[Round "5.8"]
[White "Rudolph, Eva"]
[Black "Meijerink, Inken"]
[Result "1-0"]
[WhiteElo "1646"]
[BlackElo "1365"]
[PlyCount "85"]
[EventDate "2016.10.01"]
[EventType "team-swiss"]
[EventRounds "7"]
[EventCountry "GER"]
[SourceTitle "CBM 174 Extra"]
[Source "ChessBase"]
[SourceDate "2016.10.10"]
[SourceVersion "1"]
[SourceVersionDate "2016.10.10"]
[SourceQuality "1"]
[WhiteTeam "Nordrhein Westfalen"]
[BlackTeam "Niedersachsen II"]
[WhiteTeamCountry "GER"]
[BlackTeamCountry "GER"]

1. e4 c5 2. Nf3 Nc6 3. d4 cxd4 4. Nxd4 g6 5. c4 Bg7 6. Nc2 d6 7. Be2 Nf6 8. Nc3 0-0 9. 0-0 b6 10. Be3 Bb7 11. f3 Ne5 12. Qd2 Rc8 13. b3 Qd7 14. Rac1 Rfd8 15. Rfd1 e6 16. Nb5 Qe7 17. Nxa7 Ra8 18. Bxb6 Rd7 19. Nb4 d5 20. exd5 exd5 21. c5 Qf8 22. c6 Bh6 23. f4 Ne4 24. Qd4 Nxc6 25. Nbxc6 Bxc6 26. Rxc6 Bxf4 27. Bf3 Qh6 28. h3 Rb7 29. Re1 Qh4 30. Re2 Nd2 31. Qf2 Bh2+ 32. Kxh2 Qf4+ 33. Kh1 Nxf3 34. Qxf3 Qh6 35. Qxd5 Rxb6 36. Rxb6 Qc1+ 37. Kh2 Qc7+ 38. Rd6 Rxa7 39. Re8+ Kg7 40. Qe5+ f6 41. Qxf6+ Kh6 42. Qh4+ Kg7 43. Red8 1-0

[Event "GER-ch U12 Girls"]
[Site "Willingen"]
[Date "2016.05.21"]
[Round "11"]
[White "Meijerink, Inken"]
[Black "Stowicek, Yara Mathilda"]
[Result "1-0"]
[WhiteElo "1306"]
[BlackElo "1293"]
[PlyCount "45"]
[EventDate "2016.05.15"]
[EventType "swiss"]
[EventRounds "11"]
[EventCountry "GER"]
[SourceTitle "CBM 172 Extra"]
[Source "ChessBase"]
[SourceDate "2016.06.21"]
[SourceVersion "1"]
[SourceVersionDate "2016.06.21"]
[SourceQuality "1"]

1. e4 e5 2. Nf3 Nc6 3. d4 exd4 4. Nxd4 Nf6 5. Nc3 Bb4 6. Nxc6 bxc6 7. Bd3 d5 8. exd5 0-0 9. dxc6 Re8+ 10. Be3 Nd5 11. Qd2 f5 12. 0-0 Kh8 13. Bg5 Qd6 14. Rfe1 Rxe1+ 15. Rxe1 h6 16. Re8+ Kh7 17. Bxf5+ Bxf5 18. Rxa8 Bxc3 19. bxc3 Qxc6 20. Rd8 hxg5 21. Qxg5 Qxc3 22. Qxf5+ Kh6 23. Rh8# 1-0

[Event "GER-ch U12 Girls"]
[Site "Willingen"]
[Date "2016.05.20"]
[Round "9"]
[White "Kiesel, Lara"]
[Black "Meijerink, Inken"]
[Result "0-1"]
[WhiteElo "1318"]
[BlackElo "1306"]
[PlyCount "38"]
[EventDate "2016.05.15"]
[EventType "swiss"]
[EventRounds "11"]
[EventCountry "GER"]
[SourceTitle "CBM 172 Extra"]
[Source "ChessBase"]
[SourceDate "2016.06.21"]
[SourceVersion "1"]
[SourceVersionDate "2016.06.21"]
[SourceQuality "1"]

1. e4 c5 2. Nc3 Nc6 3. g3 g6 4. Bg2 Bg7 5. d3 e6 6. f4 Nge7 7. Nf3 0-0 8. 0-0 d5 9. Bd2 Qd7 10. Kh1 f5 11. e5 d4 12. Ne2 Rb8 13. c3 dxc3 14. Bxc3 b6 15. d4 Ba6 16. Re1 Rfd8 17. dxc5 Qxd1 18. Raxd1 Rxd1 19. Rxd1 Bxe2 0-1

[Event "GER-ch U12 Girls"]
[Site "Willingen"]
[Date "2016.05.18"]
[Round "6"]
[White "Ziegenfuss, Antonia"]
[Black "Meijerink, Inken"]
[Result "1-0"]
[WhiteElo "1593"]
[BlackElo "1306"]
[PlyCount "81"]
[EventDate "2016.05.15"]
[EventType "swiss"]
[EventRounds "11"]
[EventCountry "GER"]
[SourceTitle "CBM 172 Extra"]
[Source "ChessBase"]
[SourceDate "2016.06.21"]
[SourceVersion "1"]
[SourceVersionDate "2016.06.21"]
[SourceQuality "1"]

1. e4 c5 2. Nf3 Nc6 3. Bb5 g6 4. Bxc6 bxc6 5. 0-0 Bg7 6. e5 e6 7. Nc3 Ne7 8. Ne4 0-0 9. Nxc5 d6 10. exd6 Qxd6 11. Ne4 Qd8 12. d4 Ba6 13. Re1 Nd5 14. Bg5 f6 15. Bh4 g5 16. Bg3 h5 17. Nc5 h4 18. Bxh4 gxh4 19. Nxa6 h3 20. g3 e5 21. Nc5 Re8 22. Nh4 Qe7 23. Qg4 Qf7 24. Nf5 Kf8 25. Nd6 f5 26. Qxh3 Qg6 27. Nxe8 Rxe8 28. Nd7+ Kg8 29. Nxe5 Qg5 30. Nf3 Rxe1+ 31. Rxe1 Qg4 32. Qxg4 fxg4 33. Ne5 Nb4 34. c3 Bxe5 35. Rxe5 Nd3 36. Rg5+ Kf7 37. b3 Ne1 38. Rxg4 Nf3+ 39. Kg2 Nd2 40. Rf4+ Ke6 41. h4 1-0

[Event "Niedersachsen-ch U10"]
[Site "Norderney"]
[Date "2014.04.14"]
[Round "6"]
[White "Meijerink, Inken"]
[Black "Evering, Soeren"]
[Result "1-0"]
[WhiteElo "898"]
[BlackElo "1397"]
[PlyCount "45"]
[EventDate "2014.04.??"]
[EventType "swiss"]
[EventRounds "11"]
[EventCountry "GER"]
[SourceTitle "EXT 2017"]
[Source "ChessBase"]
[SourceDate "2016.10.25"]
[SourceVersion "1"]
[SourceVersionDate "2016.10.25"]
[SourceQuality "1"]

1. e4 c5 2. Nf3 Nc6 3. d4 cxd4 4. Nxd4 Nf6 5. Nc3 e6 6. Be2 Bb4 7. Nxc6 bxc6 8. Bg5 h6 9. Bd2 0-0 10. 0-0 Bxc3 11. Bxc3 Nxe4 12. Bd4 Nf6 13. Bd3 Bb7 14. Re1 Nd5 15. Qg4 Nf6 16. Qf4 Qb8 17. Qh4 Nd5 18. Re4 f5 19. Be5 d6 20. Bxg7 Kxg7 21. Rxe6 Qd8 22. Qxh6+ Kf7 23. Qg6# 1-0

[Event "NED-ch U10"]
[Site "Borne"]
[Date "2013.08.07"]
[Round "7"]
[White "Elgersma, Onno"]
[Black "Meijerink, Inken"]
[Result "1/2-1/2"]
[WhiteElo "716"]
[BlackElo "541"]
[PlyCount "49"]
[EventDate "2013.04.??"]
[EventType "swiss"]
[EventRounds "12"]
[EventCountry "NED"]
[SourceTitle "EXT 2015"]
[Source "ChessBase"]
[SourceDate "2014.11.20"]
[SourceVersion "1"]
[SourceVersionDate "2014.11.20"]
[SourceQuality "1"]

1. e4 e5 2. Bc4 Nc6 3. Nf3 Bc5 4. Nc3 Nf6 5. Nd5 d6 6. Nxf6+ Qxf6 7. d3 Bg4 8. Bd2 Nd4 9. c3 Nxf3+ 10. gxf3 Bxf3 11. Qa4+ c6 12. Rg1 b5 13. Bxb5 Bxf2+ 14. Kf1 0-0 15. Rg5 Bh4 16. Rf5 cxb5 17. Rxf6 bxa4 18. Rxf3 Rab8 19. b4 Rfe8 20. Ke2 Re6 21. Rg1 Rg6 22. Rxg6 fxg6 23. Be3 Bf6 24. Bxa7 Rc8 25. b5 1/2-1/2

[Event "Niedersachsen-ch U10"]
[Site "Rotenburg"]
[Date "2013.03.27"]
[Round "8"]
[White "Meijerink, Inken"]
[Black "Kobrin, Daniel"]
[Result "1-0"]
[WhiteElo "888"]
[BlackElo "744"]
[PlyCount "81"]
[EventDate "2013.03.23"]
[EventType "swiss"]
[EventRounds "11"]
[EventCountry "GER"]
[SourceTitle "EXT 2015"]
[Source "ChessBase"]
[SourceDate "2014.11.20"]
[SourceVersion "1"]
[SourceVersionDate "2014.11.20"]
[SourceQuality "1"]

1. e4 e5 2. Nf3 Nc6 3. Bc4 Bc5 4. d3 Nf6 5. Nc3 d6 6. Ng5 0-0 7. 0-0 h6 8. Nf3 Bg4 9. h3 Bh5 10. Be3 Bxe3 11. fxe3 Bxf3 12. Qxf3 Na5 13. b4 Nxc4 14. dxc4 Re8 15. Nd5 Re6 16. Nxf6+ Rxf6 17. Qh5 Qe7 18. Rf3 Rxf3 19. Qxf3 Qe6 20. Rf1 Re8 21. Qh5 Qxc4 22. Rf3 Qxe4 23. Rg3 Kh8 24. Qg4 Qh7 25. Qd7 Qxc2 26. a3 Qc6 27. Qg4 Rg8 28. Qf5 Qc1+ 29. Kh2 Qxa3 30. Qxf7 Qxb4 31. Qxc7 a6 32. Rg4 Qb3 33. Qxd6 a5 34. Qd2 a4 35. Rxa4 b5 36. Re4 b4 37. Qd6 g6 38. Qxe5+ Rg7 39. Qc5 Qc3 40. Qf8+ Rg8 41. Qxh6# 1-0